Programa Deusto 14-16

Uloženo v:
Podrobná bibliografie
Hlavní autoři: Martínez-Pampliega, Ana (autora), Marroquín Pérez, Manuel (Autor), Calvete Zumalde, Esther (Autor), Villa Sánchez, Aurelio (Autor)
Médium: Kniha
Jazyk:španělština
Vydáno: Bilbao Mensajero 1997
Edice:Colección Recursos e Instrumentos PsicoPedagógicos, 14
Témata:
Tagy: Přidat tag
Žádné tagy, Buďte první, kdo vytvoří štítek k tomuto záznamu!

MARC

LEADER 00000nam a2200000 a 4500
001 UCP8821
003 CL-VaPUC
008 000317e19970000SP |||||||||||||||||spa|d
020 |a 8427121253 
082 0 4 |a 370.15  |b MAR  |2 21 
100 |a Martínez-Pampliega, Ana  |e autora  |9 439066 
700 0 |a Marroquín Pérez, Manuel  |e author  |9 439067 
700 0 |a Calvete Zumalde, Esther  |e author  |9 439068 
700 0 |a Villa Sánchez, Aurelio  |e author  |9 439069 
245 1 0 |a Programa Deusto 14-16 
300 |a v 
942 |c BK 
945 |d 20000317 00:00:00  |a rbrito 
260 |a Bilbao  |b Mensajero  |c 1997 
500 |a v.1: Desarrollo de habilidades sociales 
500 |a v.2: Evaluación e intervención en el estrés docente 
650 0 |a Psicología del aprendizaje  |9 306854 
650 0 |a Aprendizaje   |9 254827 
650 0 |a Psicología del niño  |9 307305 
650 0 |a Formación profesional de profesores  |9 307493 
583 |a last modification  |c 20130107 12:08:13  |k Rodrigo Vera 
490 0 |a Colección Recursos e Instrumentos PsicoPedagógicos, 14 
999 |c 285704  |d 285702 
952 |0 0  |1 0  |4 0  |6 370_150000000000000_MAR_1997  |7 0  |8 A  |9 330466  |a BIBEDU  |b BIBEDU  |d 2019-11-20  |h v.1  |i 3596699  |o 370.15 MAR 1997  |p 3596699  |r 2019-11-20  |w 2019-11-20  |y BK  |k EPE 
952 |0 0  |1 0  |4 0  |6 370_150000000000000_MAR_1997  |7 0  |8 A  |9 330467  |a BIBEDU  |b BIBEDU  |d 2019-11-20  |h v.2  |i 4677676  |o 370.15 MAR 1997  |p 4677676  |r 2019-11-20  |w 2019-11-20  |y BK  |k EPE